[Event "Guillermo Garcia Memorial-D"]
[Site "Santa Clara"]
[Date "2024.05.17"]
[Round "5"]
[White "Guerrero Almaguer, Dairenis"]
[Black "Rayo Tzeek, Matias"]
[Result "0-1"]
[WhiteElo "1844"]
[BlackElo "1478"]
[PlyCount "58"]
[EventDate "2024.05.14"]
[EventType "swiss"]
[EventRounds "9"]
[EventCountry "CUB"]
[SourceTitle "CB24_2024"]
[SourceDate "2024.06.12"]
[SourceVersion "1"]
[SourceVersionDate "2024.06.12"]
[SourceQuality "1"]

1. e4 e5 2. Nf3 Nc6 3. Bb5 a6 4. Ba4 d6 5. c3 Nf6 6. d3 Be7 7. 0-0 0-0 8. Nbd2 Bg4 9. h3 Bh5 10. Re1 d5 11. exd5 Qxd5 12. Bxc6 bxc6 13. g4 Bg6 14. Nxe5 Bd6 15. Ndf3 Rfe8 16. d4 c5 17. Bf4 Rad8 18. Qa4 Rb8 19. Rad1 Rxb2 20. g5 Bc2 21. Qxa6 Bxd1 22. gxf6 Bxf3 23. Nxf3 Rxe1+ 24. Nxe1 Rb8 25. Qa7 Qb7 26. Qxb7 Rxb7 27. Bc1 Rb1 28. Bd2 Rd1 29. dxc5 Bxc5 0-1